<?xml version="1.0" encoding="UTF-8"?>
<collection xmlns="http://www.loc.gov/MARC21/slim">
  <record>
    <leader>00000nam  2200000   4500</leader>
    <controlfield tag="001">INLIS000000000000639</controlfield>
    <controlfield tag="005">20180724135632</controlfield>
    <controlfield tag="008">180724|||||||||   |   |||   |||| ||   | </controlfield>
    <datafield tag="035" ind1=" " ind2=" ">
      <subfield code="0">010-0718000639</subfield>
    </datafield>
    <datafield tag="041" ind1=" " ind2=" ">
      <subfield code="a">id</subfield>
    </datafield>
    <datafield tag="082" ind1=" " ind2=" ">
      <subfield code="a">016</subfield>
    </datafield>
    <datafield tag="090" ind1=" " ind2=" ">
      <subfield code="a">R.016 PIM I 2015</subfield>
    </datafield>
    <datafield tag="100" ind1=" " ind2=" ">
      <subfield code="a">Rusmana Erwin C.</subfield>
    </datafield>
    <datafield tag="245" ind1=" " ind2=" ">
      <subfield code="a">Pembinaan Kamtibmas Melalui Pola Kolaborasi Guna Mencegah Potensi Gangguan Dalam Rangka Memelihara Kamtibmas yang Kondusif Pada Kawasan Perkotaan Di Jawa Barat.</subfield>
    </datafield>
    <datafield tag="260" ind1=" " ind2=" ">
      <subfield code="a">Jakarta</subfield>
      <subfield code="b">LAN Jakarta</subfield>
      <subfield code="c">2015</subfield>
    </datafield>
    <datafield tag="300" ind1=" " ind2=" ">
      <subfield code="a">52 hlm.</subfield>
    </datafield>
    <datafield tag="500" ind1=" " ind2=" ">
      <subfield code="a">Pola kolaborasi adalah jawaban yang tepat saat ini sebagai bentuk kreatif sinergitas antara Polri dan Pemerintah Daerah di dalam memelihara situasi Kamtibmas yang kondusif menuju smart city di Kawasan perkotaan di Jawa Barat.  Sehingga permasalahan dapat dicarikan solusi secara bersama-sama antara Polri dan Pemda melalui kolaborasi.  Untuk itu perlu dibuat kesepakatan antara Polri dan Pemda melalui MOU, pedoman kerja, dan dukungan anggaran yang jelas dalam operasionalnya di lapangan guna keberhasilan program kolaborasi. &#13;
Naskah tulisan ini disusun dengan ruang lingkup tentang pola kolaborasi yang berjalan di Polda Jabar sebagai langkah terobosan kreatif dalam pembinaan Kamtibmas yang kondusif di Jawa Barat, mencakup kegiatan Focus Group Discussion, Team Work, Pembuatan Legal Drafting Output, Sosialisasi, Monitoring dan Evaluasi.</subfield>
    </datafield>
    <datafield tag="650" ind1=" " ind2=" ">
      <subfield code="a">Pembinaan - Kamtibmas</subfield>
    </datafield>
  </record>
</collection>
